Country Names Containing a Letter - C - Statistics

General Stats
  • This quiz has been taken 155 times
  • The average score is 32 of 39
Answer Stats
Hint Country % Correct
1 x C Chile
98%
1 x C Canada
95%
1 x C China
94%
4 x C Democratic Republic of the Congo
94%
1 x C Cameroon
92%
1 x C Comoros
90%
1 x C Croatia
90%
2 x C Republic of the Congo
90%
1 x C Cuba
89%
1 x C France
89%
1 x C Colombia
88%
1 x C Cyprus
88%
1 x C Cambodia
86%
2 x C Costa Rica
86%
3 x C Czech Republic
86%
1 x C Iceland
86%
2 x C Dominican Republic
84%
1 x C Ecuador
84%
1 x C Cape Verde
83%
3 x C Central African Republic
83%
1 x C Dominica
83%
1 x C Liechtenstein
83%
2 x C Morocco
83%
1 x C Nicaragua
83%
1 x C Chad
82%
1 x C Greece
82%
1 x C Saint Vincent and the Grenadines
80%
1 x C Jamaica
78%
1 x C Madagascar
78%
1 x C Saint Lucia
78%
1 x C Mexico
77%
1 x C Monaco
75%
1 x C Federated States of Micronesia
73%
1 x C Ivory Coast
73%
1 x C Seychelles
73%
2 x C Vatican City
73%
1 x C North Macedonia
71%
1 x C South Africa
71%
1 x C São Tomé and Príncipe
57%
No matching quizzes found
Score Distribution
Percent of People with Each Score
Percentile by Number Answered
Your Score History
You have not taken this quiz